00841cam a2200181 a 4500020002100000082002000021245003300041250001300074260003600087300006200123500014200185520018300327526003700510650004700547650003600594650000800630710002100638 a0716660016 (set)00a808.899282bCHI00aChildcraft the green kingdom a1987 ed. a[Chicago :bWorld Book,cc1987] a17 v. :bcol. ill. ;c26 cm. +e3 col. posters in pocket. a"Portions of the text and certain illustrations previously published under the title of Childcraft--the how and why library"--T.p. verso. aIllustrated articles, stories, and poems, grouped thematically in fifteen volumes under titles including "World and Space," "About Animals," "How Things Work," and "Make and Do." a0b0c0d808_899282000000000_CHI 0aChildren's encyclopedias and dictionaries. 1aEncyclopedias and dictionaries. 1aMCE2 aWorld Book, Inc.